[Event "25th Magistral Barcelona 2020"]
[Site "Barcelona"]
[Date "2020.12.10"]
[Round "9.5"]
[White "Lopez Martinez, Josep Manuel"]
[Black "Batsiashvili, Nino"]
[Result "0-1"]
[WhiteElo "2542"]
[BlackElo "2460"]
[Annotator "TA"]
[PlyCount "96"]
[EventDate "2020.12.02"]
[EventType "tourn"]
[EventCountry "ESP"]
[SourceTitle "playchess.com"]
[Source "ChessBase"]
[SourceQuality "1"]

{[%evp 9,96,8,28,13,29,18,25,9,29,18,60,59,65,53,68,74,83,52,62,60,60,58,56,32,30,10,28,4,31,27,25,33,54,19,7,21,13,0,0,0,0,0,0,0,0,0,0,0,0,0,0,-4,0,0,0,-14,-15,0,0,-44,-51,-44,-40,-141,-92,-108,-91,-86,-51,-53,-47,-185,-154,-214,-220,-194,-157,-156,-160,-456,-432,-438,-472,-421,-411,-618,-616,-1198,-1174]} 1. e4 e5 2. Nf3 Nc6 3. Bc4 Nf6 4. d3 h6 5. Nc3 d6 6. a3 {C55: Two Knights: 4 d3, 4 d4 exd4 5 e5 and Max Lange Attack.} g5 7. Be3 Bg7 8. h3 {[#] White has an edge.} a6 $146 ({Predecessor:} 8... Be6 9. Qd2 d5 10. exd5 Nxd5 11. O-O O-O 12. Rfe1 Qd7 13. Nxd5 Bxd5 14. Bxd5 Qxd5 {1-0 (57) Mitusov,S (2306)-Liyanage,R (2178) Chess.com INT 2020}) 9. Qe2 g4 10. hxg4 Bxg4 11. Qd2 Be6 12. O-O-O {[%cal Re3h6]} ({But not} 12. Bxh6 $2 Bxc4 13. O-O-O (13. dxc4 $2 Ng8 $19) 13... Bxh6 $19) 12... Ng4 13. Kb1 Qd7 14. Nh4 O-O-O 15. Nd5 Kb8 16. f3 Nxe3 17. Nxe3 Ne7 18. g3 Bf6 19. Nhg2 Rdg8 20. Qf2 Qc6 21. Bxe6 fxe6 22. Ng4 Bg5 23. Rh5 Qe8 24. Rdh1 Qg6 25. Qe2 Rg7 26. R5h3 Rf8 27. Ne1 Ng8 28. Ne3 Qe8 29. N3g2 Rgf7 30. Rf1 Qb5 31. Rhh1 Ne7 32. Rf2 Nc6 33. c3 d5 34. Rhf1 Be7 35. exd5 exd5 {Threatens to win with ...Bxa3.} 36. c4 ({Better is} 36. Nc2 $1 $15) 36... dxc4 37. dxc4 Qb6 38. Ne3 Nd4 39. Qd3 Bc5 {And now ...e4! would win.} 40. Nd5 {[#] White does not recover from this.} (40. b4 $15 e4 41. Qxe4) 40... Qe6 $1 $19 41. Qe4 {[#]} (41. Nc2 $17) 41... Nf5 $1 {[%cal Rf5g3,Bd4f5,Bf5d6,Bd6c4][%mdl 32]} 42. Rg2 Nd6 43. Qe2 c6 $36 {[%mdl 2048] Black is in control.} 44. Ne3 $2 (44. Nd3 $17 {only move.} Qf5 45. Ka2) 44... e4 45. f4 {intending N1c2.} Bxe3 46. Qxe3 Nxc4 47. Qc3 (47. Qc1 $142 e3 48. Rc2 Nd2+ 49. Rxd2 exd2 {[%mdl 64] Discovered Attack} 50. Qxd2) 47... Rd7 {Hoping for ...Rd1+.} 48. Rc2 Rd1+ {Weighted Error Value: White=0.42/Black=0.07} 0-1